Just 3 Words: Colors Quiz Stats

 Plays Quiz Updated May 19, 2019

Score 0/30 Timer 05:00
2 Plays Today
3 Words Color % Correct
Kelly, Grass, SethGreen
96.9%
Mellow, Canary, BellyYellow
96.2%
Bayou, NYPD, BabyBlue
96%
Julius, Mandarin, ChickenOrange
92.3%
Rain, Nurple, DeepPurple
91.6%
Sirius, Pitch, JackBlack
90.3%
Ryder, Skelton, BaronRed
86.3%
Russian, Leukocytes, BettyWhite
83.1%
Charlie, University, ChocolateBrown
82.5%
Gunmetal, Macy, RadiationGray
80.6%
Bells, Spoons, Hi-Yo!Silver
77.6%
Dijon, Mean, ColonelMustard
77.5%
Ice, Clapton, WhippedCream
76.1%
Rose, Ulee's, MedalGold
74.1%
Giant, Cobbler, GeorgiaPeach
67.9%
3 Words Color % Correct
Beauregarde, African, UltraViolet
61.4%
Ade, Meringue, LizLemon
61.1%
Hound, Police, PennyCopper
59.4%
Oyl, Stuffed, KitteridgeOlive
58.6%
Clover, Tide, HarvardCrimson
52.1%
Buscemi, Pretty, MountbattenPink
51.9%
Age, Alloy, ThirdBronze
50.1%
Tuesday, Dee, JulyRuby
49%
Pete, McGowan, BushRose
45.7%
5, Stranded, RocketMaroon
41%
Amy, Sun, Farmer'sTan
40.7%
Girls, Dye, MoodIndigo
39.4%
Man, Lung, MarineAqua
35.9%
Sap, Waves, HeardAmber
33.9%
Isle, May, SeattleEmerald
27.1%

You're not logged in!

Compare scores with friends on all Sporcle quizzes.
OR
Log In

Show Comments

Extras

Top Quizzes Today


Score Distribution

Your Account Isn't Verified!

In order to create a playlist on Sporcle, you need to verify the email address you used during registration. Go to your Sporcle Settings to finish the process.

Report this User

Report this user for behavior that violates our Community Guidelines.

Details: